| 000 | 01105nam a22002652a 4500 | ||
|---|---|---|---|
| 001 | 32722 | ||
| 003 | BD-RjUL | ||
| 005 | 20211209051902.0 | ||
| 008 | 500101s1947 fr bf 000 0 fre d | ||
| 035 | _a(BD-RjUL)32812 | ||
| 040 |
_aRCE _cRCE _dEQO _dBD-RjUL _beng |
||
| 041 | _aeng | ||
| 082 |
_a297.63 _bDIE 1947 |
||
| 090 |
_aBP75 _b.D52 1947 |
||
| 100 | 1 |
_aDinet, Etienne, _d1861-1929. _999528 |
|
| 245 | 1 | 3 |
_aLa vie de Mohammed, prophète d'Allah / _cE. Dinet |
| 260 |
_aParis : _bG. P. Maisonneuve, _c1947. |
||
| 300 |
_a305 p. : _bill. ; _c23 cm |
||
| 500 | _a"4e édition." | ||
| 500 | _aAt head of title: E. Dinet et el hadj Sliman ben Ibrahim | ||
| 500 | _a"Nous en avons emprunté les éléments aux auteurs les plus anciens, tels que Ibn Hicham, Ibn Saâd, etc., et à un historien plus moderne, Ali Borhan'ed Dine el Halabi, qui, dans son livre, connu sous le nom de 'Es sirat'el Halabia', a réuni les différentes versions de tous les historiens les plus réputés."--Préf | ||
| 600 | 0 | 0 |
_aMuḥammad, _cProphet, _d-632. _999534 |
| 700 | 1 |
_aBen Ibrahim, Sliman. _999530 |
|
| 942 |
_2ddc _cBK |
||
| 999 |
_c32722 _d32722 |
||